[Event "Olomouc Chess Summer 2011 - Valoz Cup"]
[Site "Olomouc (CZE), Hotel Sigma"]
[Date "2011.08.04"]
[Round "2"]
[White "Butkiewicz, Lukasz"]
[Black "Andreev, Eduard"]
[Result "0-1"]
[WhiteElo "2435"]
[BlackElo "2458"]
[PlyCount "110"]
[EventDate "2011.08.03"]

1. e4 c5 2. Nf3 d6 3. d4 cxd4 4. Nxd4 Nf6 5. Nc3 Nc6 6. Be2 g6 7. Be3 Bg7 8.
O-O O-O 9. Nb3 Be6 10. f4 Rc8 11. f5 Bd7 12. Kh1 a6 13. Qe1 Ne5 14. Rd1 b5 15.
Bd3 b4 16. Ne2 a5 17. Qh4 Qc7 18. Nbd4 Qb7 19. Bg5 a4 20. Nf3 Nxd3 21. cxd3 Rc2
22. Rd2 Rfc8 23. Ned4 Rc1 24. Rdd1 Rxd1 25. Rxd1 a3 26. b3 Rc3 27. Bh6 Bh8 28.
fxg6 hxg6 29. h3 Qc8 30. e5 dxe5 31. Nxe5 Rc5 32. Ndf3 Qb7 33. Be3 Rc2 34. Nxf7
Bg7 35. N7e5 Rxa2 36. Nxg6 Bc6 37. Nge5 Bxf3 38. Nxf3 Qd5 39. Qxb4 Re2 40. Bd4
a2 41. Ba1 Ne4 42. Qb8+ Kh7 43. Bxg7 Kxg7 44. Rf1 Qd6 45. Qxd6 Nxd6 46. Ra1 Rb2
47. Kh2 Nb5 48. h4 Nc3 49. Ne1 e5 50. b4 Rxb4 51. Nc2 Rb2 52. Ne1 Na4 53. d4 e4
54. Kg3 Nc3 55. d5 Nxd5 0-1

[Event "Olomouc Chess Summer 2011 - Valoz Cup"]
[Site "Olomouc (CZE), Hotel Sigma"]
[Date "2011.08.04"]
[Round "2"]
[White "Zilka, Stepan"]
[Black "Arutinian, David"]
[Result "1/2-1/2"]
[WhiteElo "2506"]
[BlackElo "2562"]
[PlyCount "20"]
[EventDate "2011.08.03"]

1. d4 Nf6 2. c4 e6 3. Nc3 Bb4 4. e3 O-O 5. Bd3 d5 6. Nf3 c5 7. O-O Nc6 8. a3
Bxc3 9. bxc3 Qc7 10. cxd5 exd5 1/2-1/2

[Event "Olomouc Chess Summer 2011 - Valoz Cup"]
[Site "Olomouc (CZE), Hotel Sigma"]
[Date "2011.08.04"]
[Round "2"]
[White "Krivoborodov, Egor"]
[Black "Kalinitschew, Sergey"]
[Result "1-0"]
[WhiteElo "2507"]
[BlackElo "2431"]
[PlyCount "57"]
[EventDate "2011.08.03"]

1. e4 c5 2. Nf3 Nc6 3. d4 cxd4 4. Nxd4 e5 5. Nb5 d6 6. N1c3 a6 7. Na3 b5 8. Nd5
Nf6 9. Bg5 Be7 10. Bxf6 Bxf6 11. c4 b4 12. Nc2 O-O 13. g3 Bg5 14. h4 Bh6 15.
Bh3 Qa5 16. b3 Be6 17. Qd3 Qc5 18. Nc7 Bxh3 19. Nxa8 Bg2 20. Rg1 Bxe4 21. Qxe4
Rxa8 22. Rd1 Rd8 23. Ke2 Qb6 24. Rd3 Na5 25. Rgd1 Nb7 26. c5 Qc7 27. Nxb4 Nxc5
28. Rxd6 Rf8 29. Qc6 1-0

[Event "Olomouc Chess Summer 2011 - Valoz Cup"]
[Site "Olomouc (CZE), Hotel Sigma"]
[Date "2011.08.04"]
[Round "2"]
[White "Antipov, Mikhail Al"]
[Black "Dobrowolski, Piotr"]
[Result "1/2-1/2"]
[WhiteElo "2407"]
[BlackElo "2423"]
[PlyCount "85"]
[EventDate "2011.08.03"]

1. e4 c5 2. Nf3 Nc6 3. d4 cxd4 4. Nxd4 Nf6 5. Nc3 d6 6. Bc4 e5 7. Nf5 Be6 8.
Ne3 Rc8 9. O-O Be7 10. Ned5 O-O 11. Be3 a6 12. a4 Nb4 13. Bb6 Qd7 14. Bb3 Nbxd5
15. exd5 Bg4 16. f3 Bf5 17. a5 Bd8 18. Na4 Re8 19. c4 e4 20. fxe4 Bxe4 21. Bxd8
Qxd8 22. Nb6 Rc7 23. Rf2 Re5 24. h3 Rce7 25. Qd2 Bg6 26. Bc2 Bxc2 27. Qxc2 Qe8
28. Qa4 Qf8 29. Qb4 Ne4 30. Re2 f5 31. Rae1 f4 32. c5 dxc5 33. Qc4 Nd6 34. Rxe5
Rxe5 35. Qc3 Rxe1+ 36. Qxe1 Qf6 37. Nd7 Qd4+ 38. Kh1 Qe4 39. Qh4 Nf7 40. Qg4
Qe7 41. Qe6 Qxe6 42. dxe6 Nd6 43. Nxc5 1/2-1/2

[Event "Olomouc Chess Summer 2011 - Prima pack c"]
[Site "Olomouc (CZE), Hotel Sigma"]
[Date "2011.08.04"]
[Round "2"]
[White "Figura, Atila Gajo"]
[Black "Biolek, Richard Jr"]
[Result "0-1"]
[WhiteElo "2358"]
[BlackElo "2409"]
[PlyCount "48"]
[EventDate "2011.08.03"]

1. d4 Nc6 2. Nf3 d5 3. c4 Bg4 4. Nc3 e6 5. cxd5 exd5 6. Bf4 Bb4 7. e3 Nge7 8.
Be2 O-O 9. Qb3 Bxc3+ 10. Qxc3 Ng6 11. Bg3 f5 12. Qd2 f4 13. Bxf4 Nxf4 14. exf4
Qf6 15. g3 Rae8 16. O-O-O Rxe2 17. Qxe2 Nb4 18. Kd2 Qg6 19. Kc3 Re8 20. Qd2 Qb6
21. b3 Bxf3 22. Rde1 Rc8 23. Rhf1 c5 24. Kb2 c4 0-1

[Event "Olomouc Chess Summer 2011 - Prima pack c"]
[Site "Olomouc (CZE), Hotel Sigma"]
[Date "2011.08.04"]
[Round "2"]
[White "Chernyshov, Konstantin"]
[Black "Wieczorek, Oskar"]
[Result "1-0"]
[WhiteElo "2552"]
[BlackElo "2374"]
[PlyCount "119"]
[EventDate "2011.08.03"]

1. b3 e5 2. Bb2 Nc6 3. e3 Nf6 4. Bb5 Bd6 5. Na3 a6 6. Bxc6 dxc6 7. Nc4 Qe7 8.
d3 b5 9. Nd2 O-O 10. Ne2 c5 11. O-O Be6 12. Ng3 Nd7 13. e4 g6 14. Ne2 f6 15.
Kh1 c6 16. Qe1 Bf7 17. f3 c4 18. bxc4 bxc4 19. d4 Rab8 20. Bc3 Bb4 21. Nb1 Bd6
22. Qh4 Rfe8 23. Rd1 exd4 24. Nxd4 Rbc8 25. Nd2 Nc5 26. a4 Be5 27. Qf2 Ne6 28.
Ne2 Bxc3 29. Nxc3 Qb4 30. Qe3 Red8 31. Rab1 Qc5 32. Qxc5 Nxc5 33. Kg1 Rb8 34.
Rxb8 Rxb8 35. Rb1 Rxb1+ 36. Ndxb1 Kf8 37. Kf2 Ke7 38. Ke3 Kd6 39. Nd2 Ne6 40.
Nxc4+ Kc5 41. Nb2 Kb4 42. Kd2 Nc5 43. Nd3+ Nxd3 44. cxd3 a5 45. f4 Bb3 46. g4
h6 47. h4 g5 48. hxg5 hxg5 49. f5 Bg8 50. d4 Kc4 51. Ne2 Kb4 52. e5 Kxa4 53.
Kc3 Bd5 54. exf6 Ka3 55. Nc1 a4 56. Nd3 Bf7 57. Nb4 Be8 58. Nxc6 Ka2 59. Nb4+
Kb1 60. d5 1-0

[Event "Olomouc Chess Summer 2011 - Winsoft comp"]
[Site "Olomouc (CZE), Hotel Sigma"]
[Date "2011.08.04"]
[Round "2"]
[White "Stachanczyk, Jacek"]
[Black "Dmitrenko, Viktor"]
[Result "0-1"]
[WhiteElo "2328"]
[BlackElo "2353"]
[PlyCount "52"]
[EventDate "2011.08.03"]

1. e4 e6 2. d4 d5 3. Nc3 Bb4 4. e5 Ne7 5. a3 Bxc3+ 6. bxc3 c5 7. Qg4 Kf8 8. a4
Qc7 9. Nf3 b6 10. dxc5 bxc5 11. Bd3 h6 12. O-O Kg8 13. Re1 Ba6 14. Ba3 Bxd3 15.
cxd3 Nd7 16. d4 Ng6 17. dxc5 Ngxe5 18. Nxe5 Nxe5 19. Qg3 f6 20. c4 dxc4 21. Bb2
Qxc5 22. Bxe5 fxe5 23. Qg6 Rf8 24. Qxe6+ Kh7 25. Ra2 c3 26. Qxe5 Re8 0-1

[Event "Olomouc Chess Summer 2011 - Winsoft comp"]
[Site "Olomouc (CZE), Hotel Sigma"]
[Date "2011.08.04"]
[Round "2"]
[White "Furman, Boris"]
[Black "Poznanska, Katarzyna"]
[Result "1-0"]
[WhiteElo "2262"]
[BlackElo "2068"]
[PlyCount "53"]
[EventDate "2011.08.03"]

1. d4 Nf6 2. c4 g6 3. Nc3 Bg7 4. Nf3 O-O 5. Bg5 c5 6. d5 b5 7. Nxb5 Ne4 8. Bc1
Qa5+ 9. Nd2 e6 10. g3 exd5 11. Bg2 Bb7 12. O-O f5 13. Nxe4 dxe4 14. Bf4 Nc6 15.
Nd6 Qb6 16. Qd5+ Kh8 17. Nxb7 Qxb7 18. Rab1 Qa6 19. Qxc5 Rac8 20. Qb5 Qxb5 21.
cxb5 Nd4 22. Be3 Rc2 23. Rfd1 Nxe2+ 24. Kf1 Bxb2 25. Rd2 Rfc8 26. Kxe2 Rxd2+
27. Kxd2 1-0

[Event "Olomouc Chess Summer 2011 - Winsoft comp"]
[Site "Olomouc (CZE), Hotel Sigma"]
[Date "2011.08.04"]
[Round "2"]
[White "Yuffa, Daniil"]
[Black "Obsivac, Josef"]
[Result "1-0"]
[WhiteElo "2302"]
[BlackElo "2273"]
[PlyCount "87"]
[EventDate "2011.08.03"]

1. Nf3 Nf6 2. g3 d5 3. Bg2 c6 4. O-O Bf5 5. d3 h6 6. Nbd2 e6 7. Qe1 Be7 8. e4
dxe4 9. dxe4 Bh7 10. Qe2 O-O 11. b3 Nbd7 12. Bb2 Qc7 13. Nd4 Rfd8 14. Rfe1 a5
15. a3 Nc5 16. Rad1 Rd7 17. e5 Nd5 18. Nc4 Rad8 19. Qg4 Bf8 20. Nd6 Bg6 21. c4
Ne7 22. b4 axb4 23. axb4 Nd3 24. Rxd3 Bxd3 25. c5 Bg6 26. h4 h5 27. Qg5 Ra8 28.
Be4 Bxe4 29. Rxe4 Nd5 30. Qxh5 Qd8 31. Rg4 Qe7 32. N4f5 exf5 33. Nxf5 Qe6 34.
Nh6+ Kh7 35. Nxf7+ Kg8 36. Nh6+ Kh7 37. Nf7+ Kg8 38. Nh6+ Kh7 39. Nf5+ Kg8 40.
Rg6 Nf6 41. exf6 Qb3 42. f7+ Rxf7 43. Nh6+ Kh7 44. Nxf7+ 1-0

[Event "Olomouc Chess Summer 2011 - Winsoft comp"]
[Site "Olomouc (CZE), Hotel Sigma"]
[Date "2011.08.04"]
[Round "2"]
[White "Biolek, Richard"]
[Black "Wiley, Tom E"]
[Result "1-0"]
[WhiteElo "2478"]
[BlackElo "2306"]
[PlyCount "97"]
[EventDate "2011.08.03"]

1. e4 e6 2. d3 d5 3. Nd2 Nf6 4. Ngf3 b6 5. c3 c5 6. Qa4+ Qd7 7. Qc2 Qc7 8. Be2
Ba6 9. O-O dxe4 10. Nxe4 Be7 11. Nxf6+ Bxf6 12. Qa4+ Qd7 13. Qg4 Nc6 14. Qg3
Rd8 15. Rd1 Ne7 16. Ne5 Bxe5 17. Qxe5 O-O 18. Qh5 Qc7 19. Qg4 Rd7 20. Bf4 Qc8
21. h4 Nf5 22. h5 f6 23. a4 Rfd8 24. a5 Kf7 25. axb6 axb6 26. Qh3 Bb5 27. Ra3
Ne7 28. Qf3 Bc6 29. Qg4 e5 30. Bd2 Bb5 31. c4 Bc6 32. Be3 Bb7 33. Qh3 Qc7 34.
Bg4 Rd6 35. f4 e4 36. Bc1 Nc6 37. Bf5 Nb4 38. Bxh7 Rxd3 39. Raxd3 Rxd3 40. Rxd3
Nxd3 41. Be3 Bc8 42. Bg6+ Kf8 43. Qh4 Qe7 44. b3 Nb4 45. h6 gxh6 46. f5 Nc2 47.
Bxh6+ Kg8 48. Qg3 Nd4 49. Bf7+ 1-0

[Event "Olomouc Chess Summer 2011 - Ceska pojist"]
[Site "Olomouc (CZE), Hotel Sigma"]
[Date "2011.08.04"]
[Round "2"]
[White "Mackowiak, Marek"]
[Black "Michalczak, Thomas"]
[Result "0-1"]
[WhiteElo "2236"]
[BlackElo "2325"]
[PlyCount "98"]
[EventDate "2011.08.03"]

1. c4 e6 2. Nc3 d5 3. d4 Nf6 4. Bg5 Nbd7 5. e3 c6 6. c5 b6 7. b4 bxc5 8. bxc5
Qa5 9. Qd2 Ba6 10. Be2 Be7 11. Bxf6 Bxf6 12. Nxd5 Qxd2+ 13. Kxd2 cxd5 14. Bxa6
Nxc5 15. Bb5+ Ke7 16. f3 Rhb8 17. Rb1 a6 18. Bd3 Nxd3 19. Rxb8 Rxb8 20. Kxd3
Rb1 21. g3 e5 22. dxe5 Bxe5 23. f4 Bf6 24. h4 h5 25. Ke2 Bc3 26. Kf2 d4 27.
exd4 Bxd4+ 28. Kg2 Rxg1+ 29. Rxg1 Bxg1 30. Kxg1 Kd6 31. Kf2 Kc5 32. Ke3 Kb4 33.
f5 f6 34. Kd4 a5 35. Kd5 a4 36. Ke6 Ka3 37. Kf7 Kxa2 38. Kxg7 Kb3 39. Kxf6 a3
40. Kg6 a2 41. Kxh5 a1=Q 42. g4 Qf6 43. g5 Qxf5 44. Kh6 Qf4 45. h5 Kc4 46. Kg6
Kd5 47. h6 Ke6 48. h7 Qf7+ 49. Kh6 Kf5 0-1

[Event "Olomouc Chess Summer 2011 - Ceska pojist"]
[Site "Olomouc (CZE), Hotel Sigma"]
[Date "2011.08.04"]
[Round "2"]
[White "Balacek, Tadeas"]
[Black "Vrana, Jan"]
[Result "1/2-1/2"]
[WhiteElo "2251"]
[BlackElo "2306"]
[PlyCount "51"]
[EventDate "2011.08.03"]

1. d4 d5 2. Nf3 Nf6 3. c4 dxc4 4. e3 e6 5. Bxc4 a6 6. a4 c5 7. O-O Nc6 8. Qe2
cxd4 9. Rd1 Be7 10. exd4 O-O 11. Nc3 Nd5 12. Qe4 Ncb4 13. Ne5 b6 14. Qg4 f5 15.
Qe2 Bf6 16. Nd3 Re8 17. Nxb4 Nxb4 18. Qf3 Ra7 19. Qxf5 Rf7 20. Qe4 Bb7 21. Qe2
Kh8 22. Be3 Rd7 23. Qg4 Nc2 24. Rac1 Nxd4 25. Bxd4 Rxd4 26. Rxd4 1/2-1/2

[Event "Olomouc Chess Summer 2011 - Ceska pojist"]
[Site "Olomouc (CZE), Hotel Sigma"]
[Date "2011.08.04"]
[Round "2"]
[White "Mishuchkov, Nikolai M"]
[Black "Ruzicka, Petr"]
[Result "1-0"]
[WhiteElo "2415"]
[BlackElo "2271"]
[PlyCount "81"]
[EventDate "2011.08.03"]

1. Nf3 Nf6 2. g3 g6 3. Bg2 Bg7 4. d4 d6 5. O-O O-O 6. a4 Na6 7. Re1 c6 8. a5
Qc7 9. e4 e5 10. h3 Rd8 11. Nc3 Bd7 12. Bg5 h6 13. Be3 Kh7 14. Qe2 Be8 15. Red1
Nd7 16. d5 c5 17. Nd2 Nf6 18. Nc4 Qe7 19. f4 Nh5 20. Qf2 exf4 21. gxf4 Bf6 22.
e5 Bh4 23. Qf3 dxe5 24. fxe5 Nb4 25. Rac1 Bg3 26. d6 Qe6 27. Qg4 Bd7 28. Bxb7
Rab8 29. Qxe6 Bxe6 30. Bd5 Nxd5 31. Nxd5 Bxh3 32. Bxc5 Rbc8 33. b4 Bg4 34. Rd4
Be2 35. Ne7 Ra8 36. Nc6 Rd7 37. Nxa7 Bxc4 38. Rxc4 Bxe5 39. Rd1 Nf6 40. Nc6 Re8
41. a6 1-0

[Event "Olomouc Chess Summer 2011 - Ceska pojist"]
[Site "Olomouc (CZE), Hotel Sigma"]
[Date "2011.08.04"]
[Round "2"]
[White "Klima, Lukas"]
[Black "Groetz, Harald"]
[Result "1/2-1/2"]
[WhiteElo "2349"]
[BlackElo "2256"]
[PlyCount "70"]
[EventDate "2011.08.03"]

1. e4 e5 2. Nf3 Nf6 3. Nxe5 d6 4. Nf3 Nxe4 5. Nc3 Nxc3 6. dxc3 Be7 7. Bf4 Nc6
8. Qd2 Be6 9. O-O-O Qd7 10. Kb1 O-O-O 11. h3 h6 12. Nd4 Nxd4 13. cxd4 d5 14.
Qa5 Kb8 15. Bb5 Qc8 16. Rd3 Bd6 17. Bxd6 Rxd6 18. Ra3 a6 19. Re1 Rb6 20. Bf1
Qd8 21. Qd2 Bf5 22. Rae3 Re6 23. Rxe6 Bxe6 24. Re3 Re8 25. Qb4 Qe7 26. Qa5 Qd6
27. Qe1 Qf4 28. Qd2 Qf6 29. Re5 Bd7 30. Qe3 Re6 31. Bd3 Rxe5 32. dxe5 Qg5 33.
Qxg5 hxg5 34. Kc1 c5 35. Kd2 Kc7 1/2-1/2

[Event "Olomouc Chess Summer 2011 - Open Olomouc"]
[Site "Olomouc"]
[Date "2011.08.04"]
[Round "1.1"]
[White "Bryzgalin, Kirill"]
[Black "Kubik, Michael"]
[Result "1-0"]
[WhiteElo "2469"]
[BlackElo "1913"]
[PlyCount "61"]
[EventDate "2011.08.04"]

1. e4 c5 2. Nf3 Nc6 3. d4 cxd4 4. Nxd4 Nf6 5. Nc3 d6 6. Bg5 e6 7. Qd2 a6 8.
O-O-O Bd7 9. f3 h6 10. Be3 b5 11. Nxc6 Bxc6 12. Qe1 Qc7 13. Bd3 Rc8 14. Kb1 Be7
15. Qg3 g6 16. Qf2 Nd7 17. h4 h5 18. Bg5 Ne5 19. Ne2 Bd7 20. Rd2 f6 21. Be3 Kf7
22. Rg1 a5 23. g4 hxg4 24. fxg4 b4 25. g5 f5 26. Nf4 a4 27. h5 gxh5 28. exf5
exf5 29. Nd5 Nxd3 30. Rxd3 Qd8 31. Bb6 1-0

[Event "Olomouc Chess Summer 2011 - Open Olomouc"]
[Site "Olomouc"]
[Date "2011.08.04"]
[Round "1.2"]
[White "Bergner, Philipp"]
[Black "Johansson, Jan"]
[Result "0-1"]
[WhiteElo "1912"]
[BlackElo "2397"]
[PlyCount "66"]
[EventDate "2011.08.04"]

1. d4 Nf6 2. c4 c5 3. d5 e5 4. Nc3 d6 5. e4 Be7 6. Bd3 O-O 7. Nge2 Nh5 8. O-O
g6 9. f4 exf4 10. Nxf4 Nf6 11. Be2 Nbd7 12. Nd3 Re8 13. Bf4 Bf8 14. Bf3 a6 15.
a4 Rb8 16. Qd2 b6 17. Rae1 Ne5 18. Nxe5 dxe5 19. Bg5 Qd6 20. Qf2 Be7 21. Be2
Kg7 22. Qh4 h5 23. Qf2 Rb7 24. Bxh5 gxh5 25. Re3 Rf8 26. Rf3 Ng4 27. Rxf7+ Kg6
28. Qf3 Kxg5 29. h4+ Kg6 30. Rxf8 Bxf8 31. Qxf8 Qxf8 32. Rxf8 Bd7 33. a5 bxa5
0-1

[Event "Olomouc Chess Summer 2011 - Open Olomouc"]
[Site "Olomouc"]
[Date "2011.08.04"]
[Round "1.4"]
[White "Hajek, Zdenek"]
[Black "Jasny, Stanislav"]
[Result "0-1"]
[WhiteElo "1907"]
[BlackElo "2366"]
[PlyCount "118"]
[EventDate "2011.08.04"]

1. e4 c5 2. Nc3 e6 3. d3 d5 4. exd5 exd5 5. Nf3 Nf6 6. Be2 Be7 7. O-O O-O 8. d4
cxd4 9. Nxd4 Nc6 10. Be3 h6 11. Re1 a6 12. a3 Bd6 13. Bf3 Ne5 14. Bxd5 Neg4 15.
Nf3 Nxe3 16. Rxe3 Qc7 17. h3 Bc5 18. Re5 Bd7 19. Qe2 Rae8 20. Re1 b5 21. Bb3
Bd6 22. Rxe8 Rxe8 23. Qd1 Rxe1+ 24. Qxe1 Bc6 25. Nd4 Bb7 26. Qe3 Bh2+ 27. Kh1
Bf4 28. Qd3 Qd7 29. Nf5 Qe8 30. Ne3 Bc7 31. Ncd5 Bxd5 32. Bxd5 Qe5 33. g3 Qxb2
34. Qb3 Qa1+ 35. Kg2 Nxd5 36. Nxd5 Bd6 37. Qe3 Qxa3 38. Qxa3 Bxa3 39. Nc7 a5
40. Nxb5 Bb2 41. Nc7 a4 42. Nd5 a3 43. Nb4 Bc3 44. Na2 Bd4 45. Kf1 f5 46. f3
Kf7 47. Ke2 Ke6 48. Kd3 Kd5 49. Nc1 Be5 50. g4 fxg4 51. fxg4 Bb2 52. Na2 Ke5
53. c4 Kf4 54. c5 Be5 55. c6 g6 56. Kc4 Kg3 57. Kb3 Kxh3 58. Kxa3 Kxg4 59. Nc1
h5 0-1

[Event "Olomouc Chess Summer 2011 - Open Olomouc"]
[Site "Olomouc"]
[Date "2011.08.04"]
[Round "1.6"]
[White "Jenssen, Ove"]
[Black "Ageichenko, Genadi A"]
[Result "0-1"]
[WhiteElo "1892"]
[BlackElo "2356"]
[PlyCount "102"]
[EventDate "2011.08.04"]

1. e4 c5 2. c3 d5 3. exd5 Qxd5 4. d4 Nf6 5. Nf3 Nc6 6. Na3 Bg4 7. Be2 e6 8. O-O
cxd4 9. Nb5 Rc8 10. Nbxd4 Nxd4 11. Nxd4 Bxe2 12. Qxe2 Be7 13. Rd1 a6 14. Bf4
O-O 15. Be5 Qc4 16. Qxc4 Rxc4 17. Bxf6 Bxf6 18. Nb3 Rfc8 19. Nd2 R4c7 20. Ne4
Be7 21. Rd3 f5 22. Ng3 Rd8 23. Rxd8+ Bxd8 24. Rd1 Be7 25. Ne2 Kf7 26. Kf1 g5
27. h3 h5 28. Rd3 h4 29. f3 e5 30. Ke1 Ke6 31. Kd2 Rc8 32. Kc2 b5 33. b3 Rg8
34. Re3 Bc5 35. Rd3 Bf2 36. Rd2 Bb6 37. Rd3 Rc8 38. Kd2 Rg8 39. Kc2 Bf2 40. Rd2
Be3 41. Rd3 Bc5 42. Kd2 g4 43. fxg4 fxg4 44. Ke1 e4 45. Nd4+ Bxd4 46. Rxd4 gxh3
47. gxh3 Ke5 48. Rd7 Rg3 49. c4 bxc4 50. bxc4 Rxh3 51. Kd2 Rd3+ 0-1

[Event "Olomouc Chess Summer 2011 - Open Olomouc"]
[Site "Olomouc"]
[Date "2011.08.04"]
[Round "1.7"]
[White "Chudinovskikh, Alexander M"]
[Black "Preiser, Henrik"]
[Result "1-0"]
[WhiteElo "2302"]
[BlackElo "1891"]
[PlyCount "75"]
[EventDate "2011.08.04"]

1. e4 e5 2. Nf3 d6 3. d4 Nf6 4. Nc3 Nbd7 5. g3 Be7 6. Bg2 O-O 7. O-O c6 8. a4
a5 9. Re1 Re8 10. h3 Qc7 11. Be3 Nf8 12. Nh4 Ng6 13. Nf5 Bf8 14. h4 Ne7 15. Qf3
Nxf5 16. exf5 Qd7 17. g4 Kh8 18. dxe5 dxe5 19. Rad1 Qc7 20. g5 Ng8 21. Ne4 Bd7
22. Bf1 Rad8 23. Bc4 Bc8 24. Kh1 b6 25. g6 fxg6 26. Ng5 Nh6 27. Rxd8 Rxd8 28.
fxg6 hxg6 29. Nf7+ Nxf7 30. Bxf7 Bf5 31. Bb3 c5 32. Bd5 Qd6 33. c4 Be6 34. Rd1
Bxd5 35. Rxd5 Qc7 36. h5 Qe7 37. hxg6 Rxd5 38. Qh5+ 1-0

[Event "Olomouc Chess Summer 2011 - Open Olomouc"]
[Site "Olomouc"]
[Date "2011.08.04"]
[Round "1.8"]
[White "Molnar, Jiri"]
[Black "Dukaczewski, Piotr"]
[Result "0-1"]
[WhiteElo "1890"]
[BlackElo "2290"]
[PlyCount "76"]
[EventDate "2011.08.04"]

1. e4 c5 2. Nc3 Nc6 3. f4 g6 4. Nf3 Bg7 5. Bb5 e6 6. O-O Nge7 7. Bxc6 Nxc6 8.
d3 O-O 9. f5 d5 10. fxg6 fxg6 11. Qe1 Nd4 12. Nxd4 Rxf1+ 13. Qxf1 cxd4 14. Ne2
dxe4 15. dxe4 Qb6 16. Kh1 Bd7 17. Nf4 Rf8 18. Qe2 Rc8 19. Nd3 Qc7 20. Ne1 Ba4
21. Qg4 Bxc2 22. Qxe6+ Kh8 23. Nf3 Qc6 24. Qh3 Bxe4 25. Ne1 Bf5 26. Qg3 d3 27.
Bd2 Bxb2 28. Rb1 Bf6 29. Nf3 Qc2 30. Rc1 Qxc1+ 31. Bxc1 Rxc1+ 32. Ng1 Bd4 33.
Qb8+ Bc8 34. h3 d2 35. Qd6 Kg8 36. Qd5+ Kf8 37. Qd6+ Ke8 38. Qxd4 d1=Q 0-1

[Event "Olomouc Chess Summer 2011 - Open Olomouc"]
[Site "Olomouc"]
[Date "2011.08.04"]
[Round "1.9"]
[White "Rjabzev, Konstantin"]
[Black "Reichmann, Pavel"]
[Result "1-0"]
[WhiteElo "2271"]
[BlackElo "1888"]
[PlyCount "57"]
[EventDate "2011.08.04"]

1. e4 c6 2. d4 d5 3. exd5 cxd5 4. c4 Nf6 5. Nc3 e6 6. Nf3 Be7 7. cxd5 Nxd5 8.
Bc4 Nxc3 9. bxc3 O-O 10. O-O Nd7 11. Bd3 b6 12. Be4 Ba6 13. Re1 Rc8 14. Qa4 Nb8
15. Bd2 Qc7 16. Ne5 Bd6 17. Re3 f6 18. Qc2 f5 19. Bd3 Bxd3 20. Qxd3 Bxe5 21.
Rxe5 Rfe8 22. Rae1 Qd7 23. Qe2 Nc6 24. Rxe6 Rxe6 25. Qxe6+ Qxe6 26. Rxe6 Kf7
27. Rd6 Ke7 28. Rd5 a6 29. Rxf5 1-0

[Event "Olomouc Chess Summer 2011 - Open Olomouc"]
[Site "Olomouc"]
[Date "2011.08.04"]
[Round "1.10"]
[White "Sokolski, Aleksander"]
[Black "De Marchi, Olivier"]
[Result "0-1"]
[WhiteElo "1882"]
[BlackElo "2267"]
[PlyCount "92"]
[EventDate "2011.08.04"]

1. c4 g6 2. Nc3 Bg7 3. g3 d6 4. Bg2 Nf6 5. d4 O-O 6. Nf3 Nc6 7. O-O a6 8. b3
Rb8 9. a4 Bf5 10. Nh4 Bd7 11. Bb2 Na5 12. Qc2 c6 13. Ne4 Nxe4 14. Bxe4 Qb6 15.
b4 Qxb4 16. Bc3 Qb6 17. Rfb1 Qc7 18. Bd3 Be6 19. c5 Nc4 20. Bxc4 Bxc4 21. Rb4
Be6 22. Rab1 Rfd8 23. Qb2 Bc8 24. Rb6 Ra8 25. Ba5 Qd7 26. cxd6 Qxd6 27. e3 Qd5
28. Bb4 e5 29. dxe5 Qxe5 30. Qe2 Qe4 31. Bc5 a5 32. Qa2 g5 33. Ng2 Rd5 34. Qa3
Rd2 35. Qc1 Rc2 36. Qa3 Qf3 37. Rf1 Bh3 38. Ne1 Qe2 39. Ng2 Rc3 40. Rb3 Qf3 41.
Ne1 Qe2 42. Ng2 Rd8 43. Bd4 Rxd4 44. exd4 Qf3 45. Ne1 Rxb3 46. Qe7 Qd5 0-1

[Event "Olomouc Chess Summer 2011 - Open Olomouc"]
[Site "Olomouc"]
[Date "2011.08.04"]
[Round "1.11"]
[White "Gunajew, Rafal"]
[Black "Lasek, Frantisek"]
[Result "1-0"]
[WhiteElo "2258"]
[BlackElo "1881"]
[PlyCount "59"]
[EventDate "2011.08.04"]

1. e4 c6 2. d4 d5 3. Nc3 dxe4 4. Nxe4 Bf5 5. Ng3 Bg6 6. h4 h6 7. h5 Bh7 8. f4
e6 9. Nf3 Nf6 10. Bd3 Bxd3 11. Qxd3 Nbd7 12. Bd2 Bd6 13. O-O-O Nd5 14. Ne5 Qc7
15. Ne4 Bxe5 16. dxe5 O-O 17. g4 f5 18. gxf5 Rxf5 19. Rh4 Raf8 20. Qg3 Nxe5 21.
fxe5 Qxe5 22. Qxe5 Rxe5 23. c4 Nb6 24. Bc3 Ref5 25. Rg4 e5 26. Nd6 Rxh5 27.
Rdg1 g5 28. Bxe5 Rf2 29. Ne4 Nxc4 30. Nf6+ 1-0

[Event "Olomouc Chess Summer 2011 - Open Olomouc"]
[Site "Olomouc"]
[Date "2011.08.04"]
[Round "1.12"]
[White "Reichl, Roman"]
[Black "Cagasik, Tomas"]
[Result "0-1"]
[WhiteElo "1879"]
[BlackElo "2255"]
[PlyCount "100"]
[EventDate "2011.08.04"]

1. d4 Nf6 2. c4 e6 3. Nf3 b6 4. e3 Bb7 5. Be2 Be7 6. Nc3 d5 7. O-O O-O 8. Nd2
c5 9. dxc5 bxc5 10. Bf3 Nc6 11. Rb1 Ne5 12. Qb3 Rb8 13. Qc2 Ba6 14. Rd1 Bxc4
15. Nxc4 Nxc4 16. b3 Ne5 17. Be2 Qc7 18. Bb2 Nc6 19. Ba3 Nb4 20. Qd2 Rfd8 21.
Bxb4 cxb4 22. Na4 Ne4 23. Rbc1 Qe5 24. Qd4 Qxd4 25. Rxd4 Bf6 26. Rdd1 Nc3 27.
Nxc3 bxc3 28. Rc2 a5 29. Rb1 a4 30. b4 a3 31. Kf1 Ra8 32. Bd3 Kf8 33. Ke2 Ke7
34. e4 d4 35. Rb3 Bg5 36. g3 Bd2 37. Bc4 Rd7 38. f3 Rc8 39. Bd3 Ra7 40. Kd1 e5
41. Ke2 h5 42. Kf2 g6 43. Ke2 Kd6 44. Bb5 f5 45. Bd3 Rf8 46. Rb1 f4 47. Rg1
fxg3 48. hxg3 Raf7 49. Rf1 g5 50. Bc4 Rf6 0-1

[Event "Olomouc Chess Summer 2011 - Open Olomouc"]
[Site "Olomouc"]
[Date "2011.08.04"]
[Round "1.15"]
[White "Vanek, Ladislav"]
[Black "Kratochvil, Vit"]
[Result "1-0"]
[WhiteElo "2209"]
[BlackElo "1857"]
[PlyCount "59"]
[EventDate "2011.08.04"]

1. d4 Nf6 2. c4 g6 3. Nc3 Bg7 4. e4 d6 5. f4 O-O 6. Be2 Nbd7 7. Nf3 c5 8. d5 a6
9. a4 Qc7 10. O-O Re8 11. Qd3 Nf8 12. Bd2 Bd7 13. Rfe1 Rac8 14. a5 b5 15. axb6
Qxb6 16. Ra2 e6 17. dxe6 Bxe6 18. f5 Bd7 19. Bg5 Nxe4 20. Nxe4 Bxf5 21. Nfd2 d5
22. Qxd5 Bd4+ 23. Kh1 Rcd8 24. Bxd8 Rxd8 25. Rxa6 Qc7 26. Ra7 Qb6 27. Qxf7+ Kh8
28. Nf3 Qb4 29. Nf6 g5 30. Qg8# 1-0

[Event "Olomouc Chess Summer 2011 - Open Olomouc"]
[Site "Olomouc"]
[Date "2011.08.04"]
[Round "1.16"]
[White "Mueller, Leo"]
[Black "Miskulin, Dennis"]
[Result "0-1"]
[WhiteElo "1850"]
[BlackElo "2208"]
[PlyCount "58"]
[EventDate "2011.08.04"]

1. c4 Nf6 2. Nc3 e5 3. g3 c6 4. Bg2 d5 5. cxd5 cxd5 6. Qb3 Nc6 7. Nxd5 Nd4 8.
Nxf6+ Qxf6 9. Qd3 Bd7 10. Bxb7 Rb8 11. Be4 Rc8 12. Qb1 Bc6 13. Kf1 Bc5 14. e3
Bb5+ 15. d3 Nf5 16. Nf3 Nd6 17. Bd5 e4 18. Ne1 Qf5 19. Bc4 Nxc4 20. dxc4 Bxc4+
21. Kg2 Be2 22. Bd2 O-O 23. b4 Rfd8 24. Qb2 Bf3+ 25. Nxf3 exf3+ 26. Kf1 Qd3+
27. Kg1 Bxe3 28. fxe3 Qe2 29. Bc3 f2+ 0-1

[Event "Olomouc Chess Summer 2011 - Seniors Open"]
[Site "Olomouc (CZE), Hotel Sigma"]
[Date "2011.08.04"]
[Round "1.1"]
[White "Collins, Alan"]
[Black "Golcman, Evgeny"]
[Result "0-1"]
[WhiteElo "1846"]
[BlackElo "2291"]
[PlyCount "65"]
[EventDate "2011.08.04"]

1. d4 f5 2. Nf3 Nf6 3. b3 g6 4. Bb2 Bg7 5. e3 d6 6. Be2 O-O 7. Nbd2 Nc6 8. c4
e5 9. dxe5 Ng4 10. Qc2 dxe5 11. h3 Nh6 12. a3 Nf7 13. Rd1 Qe7 14. b4 Be6 15.
Nb3 Rad8 16. O-O h6 17. b5 Nb8 18. a4 b6 19. a5 c6 20. axb6 axb6 21. Rxd8 Rxd8
22. bxc6 Nxc6 23. Ra1 Ng5 24. Nxg5 hxg5 25. Ba3 Qf7 26. Rb1 Rc8 27. Nd2 Qa7 28.
Bc1 Bf6 29. Rb5 Kg7 30. Qb1 Rb8 31. Rb2 Qc7 32. Ra2 b5 33. Qc2 0-1